书目信息 |
| 题名: |
直通新日语能力测试精解!
|
|
| 作者: | 任海丹 , 刘晓航 主编 | |
| 分册: | N2 语言知识模拟强化 | |
| 出版信息: | 大连 大连理工大学出版社 2012 |
|
| 页数: | 199页 | |
| 开本: | 26cm | |
| 丛书名: | ||
| 单 册: | ||
| 中图分类: | H360.41-44 | |
| 科图分类: | ||
| 主题词: | 日语--水平考试--题解 | |
| 电子资源: | ||
| ISBN: | 978-7-5611-7070-0 | |
| 000 | 00860nam0 2200241 450 | |
| 001 | 0102520059 | |
| 005 | 20121204164659.0 | |
| 010 | @a978-7-5611-7070-0@dCNY28.00 | |
| 100 | @a20121108d2012 em y0chiy0120 ea | |
| 101 | 0 | @achi@ajpn |
| 102 | @aCN@b210000 | |
| 105 | @ay zq 000yy | |
| 106 | @ar | |
| 200 | 1 | @a直通新日语能力测试精解!@9Zhi Tong Xin Ri Yu Neng Li Ce Shi Jing Jie;Xie ! @i语言知识模拟强化@f任海丹,赵跃主编@hN2@b专著 |
| 210 | @a大连@c大连理工大学出版社@d2012 | |
| 215 | @a199页@d26cm | |
| 330 | @a本书对每部分考试项目分题型进行讲解,每个题型包括:免费检测、魔鬼训练、模拟考场三个部分,最后还有两套模拟题供考生自测。 | |
| 606 | 0 | @a日语@x水平考试@j题解 |
| 690 | @aH360.41-44@v5 | |
| 701 | 0 | @a任海丹@9ren hai dan@4主编 |
| 701 | 0 | @a刘晓航@9liu xiao hang@4主编 |
| 801 | 0 | @aCN@b110017@c20121011 |
| 905 | @aBZT@dH360@e11:2@f5@sH360/11:2 | |
| 直通新日语能力测试精解!.语言知识模拟强化/任海丹,赵跃主编.N2.-大连:大连理工大学出版社,2012 |
| 199页;26cm |
| ISBN 978-7-5611-7070-0:CNY28.00 |
| 本书对每部分考试项目分题型进行讲解,每个题型包括:免费检测、魔鬼训练、模拟考场三个部分,最后还有两套模拟题供考生自测。 |
| ● |
| 相关链接 |
|
|
|
正题名:直通新日语能力测试精解!
索取号:H360/11:2
 
预约/预借
| 序号 | 登录号 | 条形码 | 馆藏地/架位号 | 状态 | 备注 |